五十音順最初に来る市町村100 (2000年) - Statistics

General Stats
  • This quiz has been taken 76 times
  • The average score is 47 of 128
Answer Stats
順番 都道府県 市町村名 % Correct
2 兵庫県 相生市
88%
39 秋田県 秋田市
71%
徳島県 相生町
69%
61 北海道 朝日町
69%
山形県 朝日町
69%
山形県 朝日村
69%
千葉県 旭市
69%
新潟県 朝日村
69%
長野県 朝日村
69%
富山県 朝日町
69%
福井県 朝日町
69%
岐阜県 朝日村
69%
三重県 朝日町
69%
9 福島県 会津若松市
67%
18 青森県 青森市
67%
神奈川県 愛川町
66%
37 高知県 安芸市
66%
愛知県 旭町
66%
島根県 旭町
66%
岡山県 旭町
66%
28 兵庫県 明石市
64%
茨城県 旭村
64%
山口県 旭村
64%
7 福島県 会津坂下町
62%
62 北海道 旭川市
62%
新潟県 相川町
60%
42 東京都 あきる野市
60%
21 福岡県 赤村
59%
54 埼玉県 朝霞市
59%
75 兵庫県 芦屋市
57%
16 東京都 青ヶ島村
55%
52 兵庫県 赤穂市
53%
4 徳島県 藍住町
52%
38 東京都 昭島市
50%
3 秋田県 合川町
48%
22 北海道 赤井川村
48%
87 静岡県 熱海市
48%
45 鹿児島県 阿久根市
47%
65 栃木県 足利市
47%
84 熊本県 阿蘇町
47%
89 神奈川県 厚木市
47%
17 長野県 青木村
45%
福岡県 芦屋町
45%
80 奈良県 明日香村
45%
14 鹿児島県 姶良町
43%
33 北海道 赤平市
43%
73 北海道 芦別市
43%
88 長野県 阿智村
43%
大分県 安岐町
41%
12 北海道 愛別町
40%
福岡県 朝倉町
40%
57 兵庫県 朝来町
40%
20 三重県 青山町
38%
90 北海道 厚岸町
38%
43 愛知県 阿久比町
36%
46 埼玉県 上尾市
36%
55 福島県 浅川町
34%
70 熊本県 芦北町
34%
77 北海道 足寄町
34%
鹿児島県 吾平町
33%
25 群馬県 赤城村
33%
群馬県 東村
33%
群馬県 東村
33%
97 山形県 温海町
33%
19 鳥取県 青谷町
31%
50 長野県 上松町
31%
64 栃木県 足尾町
31%
83 茨城県 東町
31%
鹿児島県 東町
31%
96 群馬県 東町
31%
30 群馬県 吾妻町
29%
53 滋賀県 浅井町
29%
95 北海道 厚真町
29%
長崎県 吾妻町
29%
愛知県 渥美町
29%
5 岡山県 英田町
28%
6 福島県 会津高田町
28%
56 愛媛県 朝倉村
28%
100 滋賀県 安曇川町
28%
1 山口県 秋穂町
26%
24 高知県 赤岡町
26%
島根県 赤来町
26%
44 沖縄県 粟国村
26%
91 北海道 厚沢部町
26%
94 滋賀県 安土町
26%
11 長崎県 愛野町
24%
26 岡山県 赤坂町
24%
66 青森県 鰺ヶ沢町
24%
85 茨城県 麻生町
24%
27 鳥取県 赤碕町
22%
40 広島県 安芸津町
22%
48 茨城県 明野町
22%
81 愛知県 足助町
22%
98 長野県 安曇村
22%
29 長野県 明科町
21%
47 岐阜県 明智町
21%
8 福島県 会津本郷町
19%
35 高知県 吾川村
19%
36 北海道 阿寒町
19%
51 三重県 阿児町
19%
69 山梨県 芦川村
19%
76 山梨県 芦安村
19%
86 福島県 安達町
19%
32 愛知県 赤羽根町
17%
41 山梨県 秋山村
17%
10 滋賀県 愛東町
16%
山梨県 明野村
16%
74 大分県 安心院町
16%
93 北海道 厚田村
16%
34 群馬県 赤堀町
14%
63 香川県 庵治町
14%
99 山口県 阿東町
14%
13 鳥取県 会見町
12%
23 福岡県 赤池町
12%
58 大分県 朝地町
12%
78 岩手県 安代町
12%
82 長野県 梓川村
12%
92 福島県 熱塩加納村
12%
15 兵庫県 青垣町
10%
67 新潟県 味方村
10%
68 佐賀県 芦刈町
10%
71 山口県 阿知須町
10%
72 長崎県 芦辺町
10%
31 新潟県 赤泊村
9%
59 長野県 浅科村
9%
60 静岡県 浅羽町
9%
79 山梨県 足和田村
9%
49 愛媛県 明浜町
5%
No matching quizzes found
Score Distribution
Percent of People with Each Score
Percentile by Number Answered
Your Score History
You have not taken this quiz